|
003 -Nazwa inst., której nr kontr. jest w polu 001 [,]
|
-
- @
- Nazwa instytucji, której n kontrolny jest w polu 001
- NUKAT
|
|
005 -DATA I CZAS OSTATNIEJ MODYFIKACJI [,]
|
-
- @
- pole kontrolne
- 20250423093817.0
|
|
020 -Międzynarod. znormalizowany nr książki - ISBN [ , ]
|
-
- a
- Numer ISBN
- 9788365835994
|
|
040 -Instytucja sporządzająca opis [ , ]
|
-
- a
- Instytucja, która sporządziła opis (NP)
- KR U/42EN
-
- b
- Język katalogowania
- pol
-
- e
- Zasady katalogowania
- rda
-
- c
- Instytucja, która sporządziła rekord (NP)
- KR U/42EN
-
- d
- Instytucja, która zmodyfikowała rekord (P)
- KR U/42SYL
-
- d
- Instytucja, która zmodyfikowała rekord (P)
- KR U/42JCs
-
- d
- Instytucja, która zmodyfikowała rekord (P)
- OLSZT 003/DSs
-
- d
- Instytucja, która zmodyfikowała rekord (P)
- GD 27/BR
-
- d
- Instytucja, która zmodyfikowała rekord (P)
- KR U/42EN
-
- d
- Instytucja, która zmodyfikowała rekord (P)
- KR 048/PK
|
|
041 -Język dokumentu [1, ]
|
-
- a
- Język tekstu (P)
- polski
-
- h
- Język tekstu oryginalnego i/lub pośredniego (P)
- angielski
|
|
942 -Rodzaj dokumentu [ , ]
|
-
- c
- Rodzaj dokumentu
- Książka
|
|
245 -Strefa tytułu i oznaczenia odpowiedzialności [1,0]
|
-
- a
- Tytuł
- Mikrobiologia /
-
- c
- Pozostałe elementy strefy tytułu i oznaczenia odpowiedzialności (NP)
- Patrick R. Murray, Ken S. Rosenthal, Michael A. Pfaller ; [tłumaczenie z języka angielskiego II wydania książki: Stefania Giedrys-Kalemba, Adam Junka, Tomasz Karpiński, Piotr Kłuciński, Gayane Martirosian].
|
|
246 -Wariant tytułu [1, ]
|
-
- i
- Tekst wyświetlany na ekranie monitora (NP)
- Tytuł oryginału:
-
- a
- Tytuł (NP)
- Medical microbiology
|
|
250 -Strefa wydania [ , ]
|
-
- a
- Oznaczenie wydania (NP)
- Wydanie II polskie /
-
- b
- Ciąg dalszy strefy wydania (NP)
- redakcja Anna Przondo-Mordarska, Gayane Martirosian, Andrzej Szkaradkiewicz.
|
|
260 -Strefa adresu wydawniczego [ , ]
|
-
- a
- Miejsce wydania (P)
- Wrocław :
-
- b
- Nazwa wydawcy (P)
- Edra Urban & Partner,
-
- c
- Data wydania (P)
- © copyright 2018.
|
|
700 -Hasło dodatkowe - nazwa osobowa [1, ]
|
-
- a
- Nazwa osobowa (NP)
- Rosenthal, Ken S.
-
- e
- Określenie rodzaju współpracy
- Autor
-
|
|
700 -Hasło dodatkowe - nazwa osobowa [1, ]
|
-
- a
- Nazwa osobowa (NP)
- Pfaller, Michael A.
-
- d
- Daty biograficzne (NP)
- (1950- ).
-
- e
- Określenie rodzaju współpracy
- Autor
-
|
|
700 -Hasło dodatkowe - nazwa osobowa [1, ]
|
-
- a
- Nazwa osobowa (NP)
- Przondo-Mordarska, Anna.
-
- e
- Określenie rodzaju współpracy
- Redakcja
-
|
|
700 -Hasło dodatkowe - nazwa osobowa [1, ]
|
-
- a
- Nazwa osobowa (NP)
- Martirosian, Gayane
-
- d
- Daty biograficzne (NP)
- (1954-2023).
-
- e
- Określenie rodzaju współpracy
- Redakcja
-
- e
- Określenie rodzaju współpracy
- Tłumaczenie
-
|
|
700 -Hasło dodatkowe - nazwa osobowa [1, ]
|
-
- a
- Nazwa osobowa (NP)
- Szkaradkiewicz, Andrzej.
-
- e
- Określenie rodzaju współpracy
- Redakcja
-
|
|
700 -Hasło dodatkowe - nazwa osobowa [1, ]
|
-
- a
- Nazwa osobowa (NP)
- Giedrys-Kalemba, Stefania
-
- d
- Daty biograficzne (NP)
- (1946- ).
-
- e
- Określenie rodzaju współpracy
- Tłumaczenie
-
|
|
700 -Hasło dodatkowe - nazwa osobowa [1, ]
|
-
- a
- Nazwa osobowa (NP)
- Junka, Adam.
-
- e
- Określenie rodzaju współpracy
- Tłumaczenie
-
|
|
700 -Hasło dodatkowe - nazwa osobowa [1, ]
|
-
- a
- Nazwa osobowa (NP)
- Karpiński, Tomasz M.
-
- e
- Określenie rodzaju współpracy
- Tłumaczenie
-
|
|
700 -Hasło dodatkowe - nazwa osobowa [1, ]
|
-
- a
- Nazwa osobowa (NP)
- Kłuciński, Piotr.
-
- e
- Określenie rodzaju współpracy
- Tłumaczenie
-
|
|
710 -Hasło dodatkowe - nazwa ciała zbiorowego [2, ]
|
-
- a
- Nazwa ciała zbiorowego lub nazwa geograficzna jako pierwszy element (NP)
- Edra Urban & Partner.
-
- e
- Rodzaj współpracy
- Wydawca
-
-
|